Introducción a la problemática ambiental costarricense: principios básicos y posibles soluciones (Registro nro. 367)
[ vista simple ]
| 000 -Cabecera | |
|---|---|
| Campo de control de longitud fija | 00766aam a2200253 4500 |
| 005 - Fecha y hora de la última transacción | |
| Campo de control | 20250729160952.0 |
| 008 - Elementos de longitud fija--Información general | |
| Campo de control de longitud fija | 150727b1991 xxu||||| |||| 00| 0 spa d |
| 041 ## - Idioma | |
| Código de idioma | Español |
| 082 ## - Clasificación Decimal Dewey | |
| Número de clasificación | 333.72 Ch431i |
| 100 ## - Entrada principal--Autor personal | |
| Nombre personal | Chacón Vega, Isabel María |
| 245 ## - Título propiamente dicho | |
| Título | Introducción a la problemática ambiental costarricense: principios básicos y posibles soluciones |
| 260 ## - Pie de imprenta | |
| Lugar de publicación, distribución, etc. | Costa Rica |
| 260 ## - Pie de imprenta | |
| Nombre del editor, distribuidor, etc. | EUNED |
| 260 ## - Pie de imprenta | |
| Fecha de publicación, distribución, etc. | 1991 |
| 300 ## - Descripción física | |
| Extensión | 220 páginas |
| 490 ## - Serie | |
| Título de la Serie | Turismo |
| 650 ## - Materia general | |
| Temática (materia general) | PROTECCIÓN DEL MEDIO AMBIENTE |
| 650 ## - Materia general | |
| Temática (materia general) | CONSERVACIÓN DE LOS RECURSOS NATURALES |
| 650 ## - Materia general | |
| Temática (materia general) | ECOLOGÍA |
| 650 ## - Materia general | |
| Temática (materia general) | EXPLOTACIÓN DE LOS RECURSOS NATURALES |
| 650 ## - Materia general | |
| Temática (materia general) | USO NO ADECUADO DE LA TIERRA |
| 650 ## - Materia general | |
| Temática (materia general) | CONSERVACIÓN DEL AMBIENTE |
| 942 ## - Punto de acceso adicional KOHA | |
| Tipo de ítem KOHA | Libro |
| Fuente del sistema de clasificación o colocación | Dewey Decimal Classification |
| Signatura completa | Código de barras | Programa Académico | Tipo de ítem |
|---|---|---|---|
| 333.72 Ch431i | 2409 | Turismo | Libro |
| 333.72 Ch431i | 2267 | Turismo | Libro |